Technical efficiency and profitability of small holder natural rubber production in southern Nigeria (Record no. 74876)

MARC details
000 -LEADER
fixed length control field 00582nam a22001937a 4500
100 ## - MAIN ENTRY--AUTHOR NAME
Personal name Giroh, D.Y
245 ## - TITLE STATEMENT
Title Technical efficiency and profitability of small holder natural rubber production in southern Nigeria
260 ## - PUBLICATION, DISTRIBUTION, ETC. (IMPRINT)
Name of publisher Journal of Plantation Crops, 50(1):8-19.
Year of publication 2022
650 ## - SUBJECT ADDED ENTRY--TOPICAL TERM
Topical Term Gross margin
650 ## - SUBJECT ADDED ENTRY--TOPICAL TERM
Topical Term Production
650 ## - SUBJECT ADDED ENTRY--TOPICAL TERM
Topical Term Profitability
650 ## - SUBJECT ADDED ENTRY--TOPICAL TERM
Topical Term Rubber clones
650 ## - SUBJECT ADDED ENTRY--TOPICAL TERM
Topical Term Stochastic frontier
650 ## - SUBJECT ADDED ENTRY--TOPICAL TERM
Topical Term Technical efficiency
650 ## - SUBJECT ADDED ENTRY--TOPICAL TERM
Topical Term Southern Nigeria
700 ## - ADDED ENTRY--PERSONAL NAME
Personal name Nachandiya, N
856 ## - ELECTRONIC LOCATION AND ACCESS
Uniform Resource Identifier doi:10.2508/jpc.2022.v50.i1.7546
942 ## - ADDED ENTRY ELEMENTS (KOHA)
Koha item type Journals
Holdings
Withdrawn status Lost status Damaged status Not for loan Home library Current library Date acquired Koha item type
        RRII Library RRII Library 14/11/2022 Journals